MARC details
| 000 -CABECERA |
| campo de control de longitud fija |
02150nam a2200325 a 4500 |
| 001 - NÚMERO DE CONTROL |
| campo de control |
000002453 |
| 003 - IDENTIFICADOR DEL NÚMERO DE CONTROL |
| campo de control |
DO-SdBNP |
| 005 - FECHA Y HORA DE LA ÚLTIMA TRANSACCIÓN |
| campo de control |
20250204073951.0 |
| 008 - DATOS DE LONGITUD FIJA--INFORMACIÓN GENERAL |
| campo de control de longitud fija |
090702s2000 dr 000 e spa d |
| 020 ## - NÚMERO INTERNACIONAL ESTÁNDAR DEL LIBRO |
| Número Internacional Estándar del Libro |
999343101X |
| 040 ## - FUENTE DE LA CATALOGACIÓN |
| Centro catalogador/agencia de origen |
DO-SdBNP |
| Lengua de catalogación |
spa |
| Centro/agencia transcriptor |
BNPHU |
| 082 #4 - NÚMERO DE LA CLASIFICACIÓN DECIMAL DEWEY |
| Número de clasificación |
RD864.44 |
| Número de documento/Ítem |
L453s |
| Número de edición |
44 |
| 100 1# - ENTRADA PRINCIPAL--NOMBRE DE PERSONA |
| Nombre de persona |
Lebrón Saviñon, Mariano |
| Fechas asociadas al nombre |
1922-2014 |
| 9 (RLIN) |
7227 |
| 245 10 - MENCIÓN DE TÍTULO |
| Título |
Santo Domingo en la vida de Martí y otros ensayos / |
| Mención de responsabilidad, etc. |
Mariano Lebrón Saviñón ; prólogo Víctor Villegas. |
| 260 ## - PUBLICACIÓN, DISTRIBUCIÓN, ETC. |
| Lugar de publicación, distribución, etc. |
Santo Domingo : |
| Nombre del editor, distribuidor, etc. |
BNPHU, |
| Fecha de publicación, distribución, etc. |
2000. |
| 300 ## - DESCRIPCIÓN FÍSICA |
| Extensión |
370 p. ; |
| Dimensiones |
23 cm. |
| 490 1# - MENCIÓN DE SERIE |
| Mención de serie |
Biblioteca Nacional |
| Designación de volumen o secuencia |
5 |
| 490 1# - MENCIÓN DE SERIE |
| Mención de serie |
Ensayos y monografías |
| Designación de volumen o secuencia |
1 |
| 500 ## - NOTA GENERAL |
| Nota general |
Incluye datos biográficos del autor en la solapas |
| 500 ## - NOTA GENERAL |
| Nota general |
Incluye notas a pie de páginas |
| 505 0# - NOTA DE CONTENIDO CON FORMATO |
| Título |
Prólogo -- |
| -- |
Monumentos a la poesía arábigo-española. La elegía de Abul-Beka -- |
| -- |
La fantástica historia de Almanzor -- |
| -- |
La personalidad de Juan Bosch -- |
| -- |
Rubén Suro en la Academia de la Lengua -- |
| -- |
Emilio Carrilla y Pedro Henríquez Ureña -- |
| -- |
Algunos aspectos de la poesía de Joaquín Balaguer -- |
| -- |
Influencia de Rubén Darío en los poetas dominicanos -- |
| -- |
Víctor Hugo y la pasión -- |
| -- |
Víctor Hugo y la batalla de Hernani -- |
| -- |
José Joaquín Pérez y Gastón Deligne en el Panteón Nacional -- |
| -- |
Santo Domingo en la vida de Martí -- |
| -- |
Tres genios atormentados -- |
| -- |
Zacarías Espinal, poeta triste -- |
| -- |
La vigencia de Don Juan -- |
| -- |
San Juan de la Cruz -- |
| -- |
Revalorización de Góngora -- |
| -- |
Un antiguo culebrón: el folletín -- |
| -- |
La rosa, la espada y la cruz en la vida de Bolívar -- |
| -- |
La poesía amorosa de Tomás Castro Burdiez -- |
| -- |
La soledad, la muerte y el amor en la poesía de Quevedo -- |
| -- |
Discurso de respuesta del doctor Antonio Fernández Spencer, secretario de la Academia Dominicana de la Lengua. |
| 590 ## - NOTA LOCAL (RLIN) |
| Nota local |
Inventariado, 2020/LP |
| 650 10 - PUNTO DE ACCESO ADICIONAL DE MATERIA--TÉRMINO DE MATERIA |
| Término de materia o nombre geográfico como elemento de entrada |
Ensayos dominicanos |
| 9 (RLIN) |
65 |
| 650 10 - PUNTO DE ACCESO ADICIONAL DE MATERIA--TÉRMINO DE MATERIA |
| Término de materia o nombre geográfico como elemento de entrada |
Literatura dominicana. |
| 9 (RLIN) |
67 |
| 700 1# - PUNTO DE ACCESO ADICIONAL--NOMBRE DE PERSONA |
| Nombre de persona |
Villegas, Víctor, |
| Término indicativo de función/relación |
pról. |
| 9 (RLIN) |
7744 |
| 710 2# - PUNTO DE ACCESO ADICIONAL--NOMBRE DE ENTIDAD CORPORATIVA |
| Nombre de entidad corporativa o nombre de jurisdicción como elemento de entrada |
Biblioteca Nacional de la República Dominicana. |
| 9 (RLIN) |
81291 |
| 830 #0 - PUNTO DE ACCESO ADICIONAL DE SERIE-TÍTULO UNIFORME |
| Título uniforme |
Biblioteca Nacional |
| Designación de volumen o secuencia |
5 |
| Nombre de parte o sección de la obra |
Ensayos y monográficos |
| Número de parte o sección de la obra |
1 |
| 9 (RLIN) |
7745 |
| 910 ## - DATOS DE OPCIÓN DEL USUARIO (OCLC) |
| Datos de opción del usuario |
Validado. Control de calidad EMS |
| 942 ## - ELEMENTOS DE PUNTO DE ACCESO ADICIONAL (KOHA) |
| Fuente del sistema de clasificación o colocación |
Dewey Decimal Classification |
| Tipo de ítem Koha |
Libro |